S04-1 駅名クイズ - JR西日本(北陸) ver. - Statistics

General Stats
  • This quiz has been taken 95 times
  • The average score is 69 of 123
Answer Stats
Number Answer % Correct
黒部宇奈月温泉
100%
富山
100%
新高岡
100%
金沢
100%
小松
100%
加賀温泉
100%
芦原温泉
100%
福井
100%
| A01 | B08 敦賀
100%
上越妙高
98%
糸魚川
98%
越前たけふ
98%
氷見
93%
小浜
89%
高岡
89%
七尾
87%
和倉温泉
87%
城端
87%
A02 | B09 新疋田
84%
津幡
84%
九頭竜湖
82%
羽咋
82%
越前花堂
78%
猪谷
78%
本津幡
76%
南小谷
76%
越前大野
73%
越中八尾
73%
雨晴
71%
砺波
69%
西敦賀
64%
中津幡
64%
北小谷
64%
宝達
62%
西富山
62%
若狭高浜
60%
高松
60%
速星
60%
福光
58%
婦中鵜坂
58%
美浜
56%
東小浜
56%
宇野気
56%
南羽咋
53%
能町
53%
東八尾
53%
越中中川
51%
姫川
51%
能登部
49%
良川
49%
能登二宮
49%
福野
49%
伏木
49%
一乗谷
47%
北大野
47%
島尾
47%
中土
47%
上中
44%
免田
44%
越中国分
44%
平岩
44%
三方
42%
能瀬
42%
金丸
42%
徳田
42%
42%
越中山田
42%
頸城大野
42%
横山
40%
楡原
40%
足羽
38%
美山
38%
油田
38%
笹津
38%
根知
38%
若狭本郷
36%
青郷
36%
二塚
36%
戸出
36%
千里
36%
粟野
33%
若狭和田
33%
六条
33%
敷浪
33%
千路
33%
東美浜
31%
若狭有田
31%
勝原
31%
東石黒
31%
小滝
31%
小和清水
29%
越前薬師
29%
柿ケ島
29%
越前下山
29%
東野尻
29%
気山
27%
新平野
27%
越前大宮
27%
越前田野
27%
高儀
27%
勢浜
24%
加斗
24%
越前東郷
24%
十村
22%
大鳥羽
22%
三松
22%
牛ケ原
22%
下唯野
22%
藤井
20%
計石
20%
越前富田
20%
市波
16%
越前高田
13%
No matching quizzes found
Score Distribution
Percent of People with Each Score
Percentile by Number Answered
Your Score History
You have not taken this quiz